| Поле | Инд. | ПП | Название | Значение |
|---|---|---|---|---|
| Тип записи | a | |||
| Библиографический уровень | m | |||
| 001 | Контрольный номер | RU/LIBMSTU/264684199 | ||
| 005 | Дата корректировки | 20151204183225.2 | ||
| 020 | 00 | a | ISBN | 5-94849-302-4 |
| c | Цена, тираж | 416-00 | ||
| 020 | 00 | a | ISBN | 5-94849-543-5 |
| 084 | a | Индекс другой классификации/Индекс ББК | 63я2+63.3(2)4 | |
| 090 | 00 | a | Полочн. индекс | 63я2 |
| x | Авторский знак | И 90 | ||
| 245 | 00 | a | Заглавие | История России 9-17 вв. |
| b | Продолж. заглавия | иллюстрир. энциклопедия | ||
| 260 | 00 | a | Место издания | Москва |
| b | Издательство | Олма-Пресс Образование | ||
| c | Дата издания | 2004 | ||
| 300 | 00 | a | Объем | 637, [1] с. |
| b | Иллюстрации/ тип воспроизводства | цв. ил. | ||
| 440 | 00 | a | Серия | Руссика |
| 650 | _4 | a | Основная рубрика | Россия-История, 9-17 вв.-Энциклопедии |
| 653 | 00 | a | Ключевые слова | История России 9-17 вв. |
| 990 | 00 | f | Даты поступлений (DOS) | 12.04 |